000 00307nam a22001337a 4500
008 170907b xxu||||| |||| 00| 0 eng d
020 _a0960241817
041 _aeng
080 _a721
100 _a41
101 _aNDI
245 _aDESIGNING AND BUILDING YOUR OWN FRAMEST
_cTALBOT, R.P
942 _2udc
_cBK
999 _c26532
_d26532